| 000 | 00825cam a2200289 a 4500 | ||
|---|---|---|---|
| 999 |
_c6527 _d6527 |
||
| 001 | 6527 | ||
| 003 | BD-JhCC | ||
| 005 | 20180124191109.0 | ||
| 008 | 070921r20072007nyua b 001 0 eng | ||
| 020 | _a9780307266743 | ||
| 035 | _a(BD-JhCC)6527 | ||
| 040 |
_aDLC _cDLC _dDLC _d(BD-JhCC) |
||
| 041 | _aeng | ||
| 050 | 0 | 0 |
_aHN18 _b.C477 2007 |
| 082 | 0 | 0 |
_a361.7 _222 _bCLI 2007 |
| 100 | 1 |
_aClinton, Bill, _d1946- |
|
| 245 | 1 | 0 |
_aGiving : _bhow each of us can change the world / _cBill Clinton. |
| 250 | _a1st ed. | ||
| 260 |
_aNew York : _bKnopf, _cc2007. |
||
| 300 |
_axiii, 240 p. _bill. ; _c25 cm. |
||
| 500 | _a"Borzoi book." | ||
| 504 | _aIncludes bibliographical references and webography (p. 215-226) and index. | ||
| 650 | 0 | _aSocial action. | |
| 650 | 0 | _aGenerosity. | |
| 650 | 0 | _aVoluntarism. | |
| 942 |
_2ddc _cBK |
||